01332nam a22002777a 450000500170000000800410001702000180005804100080007604400070008408200190009110000350011024501820014526000290032730000250035650400540038150501510043550502570058665000260084365000190086965000180088865000220090665100470092870000270097570000240100270000280102620140516152810.0100712s2013 ck a gr 00010 spa d a9789587401466 aspa ack04a636.214 bM71p1 aMojica-Rodriguez, José Edwin10aProducción y calidad composicional de la leche en función de la alimentación en ganaderías doble propósito del departamento del CesarcJosé Edwin Mojica ....[et al.] aBogotábCorpoicac2013 a72 p.btablasc24 cm aIncluye referencias bibliográficas (pag. 66-69) aMetodología: Identificación geográfica. Microrregión Valle del Cesar. Microrregión sabanas del Cesar. Microrregión Sur del cesar. aResultados: Especies forrajeras de pastoreo identificadas. Condición de las pasturas. Grupo racial y sistemas de alimentación. Sistemas de alimentación basadas en pastoreo. Sistemas de alimentación basados en pastoreo mas suplementación. aLechex Producción. 4aGanado lechero aGanado vacuno aIndustria lechera aColombiazCésar (Departamento, Colombia)10aCastro-Rincón, Edwin10aSilva-Zakzuk, Jorge10aHortúa-CAstro, Hanzel